[Event "Wch U10"]
[Site "Santiago de Compostela"]
[Date "2018.11.04"]
[Round "1"]
[White "Cherniaiev, Tykhon"]
[Black "Tudela Gonzalez, Victor"]
[Result "0-1"]
[WhiteElo "1940"]
[BlackElo "1461"]
[PlyCount "128"]
[EventDate "2018.11.04"]
[EventType "swiss"]
[EventRounds "11"]
[EventCountry "ESP"]
[SourceTitle "EXT 2022"]
[Source "ChessBase"]
[SourceDate "2021.10.06"]
[SourceVersion "1"]
[SourceVersionDate "2021.10.06"]
[SourceQuality "1"]

1. e4 c5 2. Nf3 d6 3. d4 Nf6 4. Nc3 cxd4 5. Nxd4 e6 6. Be3 a6 7. Be2 Qc7 8. 0-0 b5 9. a3 Bb7 10. Bd3 Nbd7 11. Re1 Be7 12. Qe2 0-0 13. Rad1 Nc5 14. Bc1 Rfd8 15. Nf3 d5 16. exd5 Nxd5 17. Nxd5 Bxd5 18. Ne5 Bd6 19. h3 Rac8 20. Ng4 Nxd3 21. cxd3 Bb3 22. Bg5 Bxd1 23. Rxd1 Be7 24. Be3 Qc2 25. Rd2 Qb3 26. Kh2 Bd6+ 27. f4 Bc5 28. d4 Bb6 29. Qf2 Qd5 30. Qg3 Kh8 31. Ne5 Rc7 32. f5 f6 33. fxe6 Qxe6 34. Nd3 Re7 35. Bf4 Rxd4 36. Rc2 Qf5 37. Rc3 Rc4 38. Bd2 Rxc3 39. bxc3 Rd7 40. Qe1 Rd8 41. Nb4 Qe5+ 42. Qxe5 fxe5 43. Bg5 Rc8 44. Nd5 Ba5 45. Kg3 Bxc3 46. Kf3 h6 47. Be7 Kg8 48. Bd6 Kf7 49. Ke4 Rc4+ 50. Ke3 Ke6 51. Nxc3 Rxc3+ 52. Kd2 Kxd6 53. Kxc3 Kd5 54. Kd3 a5 55. Ke3 b4 56. axb4 axb4 57. Kd3 e4+ 58. Ke3 b3 59. Kd2 Kd4 60. Ke2 b2 61. Kd2 b1Q 62. Ke2 Qc2+ 63. Ke1 Ke3 64. Kf1 Qf2# 0-1

[Event "ESP-ch U10"]
[Site "Salobrena Granada"]
[Date "2017.07.07"]
[Round "8"]
[White "Del Prado Rodriguez, Xulio"]
[Black "Tudela Gonzalez, Victor"]
[Result "1-0"]
[WhiteElo "1444"]
[BlackElo "1403"]
[PlyCount "104"]
[EventDate "2017.07.03"]
[EventType "swiss"]
[EventRounds "9"]
[EventCountry "ESP"]
[SourceTitle "EXT 2024"]
[Source "ChessBase"]
[SourceDate "2023.10.10"]
[SourceVersion "1"]
[SourceVersionDate "2023.10.10"]
[SourceQuality "1"]

1. d4 d5 2. c4 e6 3. Nf3 Nf6 4. cxd5 exd5 5. Bg5 Be7 6. Nc3 0-0 7. e3 b6 8. Bd3 Bb7 9. 0-0 Nbd7 10. Qc2 h6 11. Bh4 c5 12. Rad1 Ne4 13. Bxe7 Qxe7 14. Bxe4 dxe4 15. Nd2 f5 16. Rfe1 Rac8 17. Qa4 a6 18. Qb3+ c4 19. Nxc4 Bd5 20. Nxd5 Qe6 21. Ncxb6 Nxb6 22. Nxb6 Qxb3 23. axb3 Rc2 24. Nc4 Rb8 25. Rd2 Rxd2 26. Nxd2 Rc8 27. h3 Kf7 28. Ra1 Ra8 29. Ra5 Ke6 30. b4 Kf6 31. b5 Kg5 32. bxa6 g6 33. a7 Kh4 34. Nc4 g5 35. Nb6 Rf8 36. a8Q Rxa8 37. Rxa8 f4 38. Rh8 Kh5 39. Rg8 fxe3 40. fxe3 g4 41. Rg7 gxh3 42. gxh3 Kh4 43. Rg4+ Kh5 44. Rxe4 Kg5 45. h4+ Kh5 46. Nd5 Kg6 47. Re5 h5 48. Rg5+ Kh6 49. Kf2 Kh7 50. Kf3 Kh6 51. Kf4 Kh7 52. Rf5 Kh6 1-0

[Event "ESP-ch U10"]
[Site "Salobrena Granada"]
[Date "2017.07.04"]
[Round "3"]
[White "Tudela Gonzalez, Victor"]
[Black "Ermachenko, Manuel"]
[Result "1-0"]
[WhiteElo "1403"]
[BlackElo "1678"]
[PlyCount "107"]
[EventDate "2017.07.03"]
[EventType "swiss"]
[EventRounds "9"]
[EventCountry "ESP"]
[SourceTitle "EXT 2024"]
[Source "ChessBase"]
[SourceDate "2023.10.10"]
[SourceVersion "1"]
[SourceVersionDate "2023.10.10"]
[SourceQuality "1"]

1. e4 c5 2. Nc3 e6 3. f4 d5 4. Bb5+ Bd7 5. Bxd7+ Qxd7 6. d3 Nc6 7. Nf3 Be7 8. 0-0 d4 9. Ne2 Nf6 10. h3 h6 11. Bd2 0-0 12. Qe1 b5 13. Qg3 Rfd8 14. Ne5 Qc7 15. Nxc6 Qxc6 16. f5 Kh8 17. fxe6 Qxe6 18. Nf4 Qb6 19. Nd5 Nxd5 20. exd5 Bf6 21. c4 dxc3 22. Bxc3 Rxd5 23. Rxf6 gxf6 24. Qf3 Qd6 25. Bxf6+ Kg8 26. Re1 h5 27. Re5 Rxe5 28. Qxa8+ Kh7 29. Qh8+ Kg6 30. Bxe5 Qb6 31. Kf1 c4 32. dxc4 bxc4 33. Bc3 Qe6 34. Qg7+ Kf5 35. g4+ Kf4 36. Qd4+ Kg5 37. Qe5+ Qxe5 38. Bxe5 hxg4 39. hxg4 Kxg4 40. Ke2 Kf5 41. Bd4 a6 42. Kd2 Ke4 43. Kc3 Kd5 44. a4 f5 45. Bg1 f4 46. Kb4 Kc6 47. Kxc4 f3 48. b4 Kb7 49. Kc5 Kc7 50. b5 axb5 51. axb5 Kb7 52. b6 Kc8 53. Kc6 Kb8 54. Bh2+ 1-0